[Event "DEM U18 2021"]
[Site "Willingen GER"]
[Date "2021.08.26"]
[Round "5"]
[White "Richter, Nils"]
[Black "Stork, Oliver"]
[Result "1-0"]
[Termination "normal"]
[Board "4"]
[WhiteTitle "FM"]
[BlackTitle "FM"]
[WhiteElo "2292"]
[BlackElo "2365"]
[WhiteClock "00:09:17"]
[BlackClock "00:04:21"]
[PlyCount "103"]
[WhiteFideId "12990809"]
[BlackFideId "12955728"]
[EventCountry "GER"]
[EventRounds "9"]
[EventType "swiss"]
[EventDate "2021.08.22"]

1. c4 {[%clk 1:30:59]} f5 {[%clk 1:30:53]} 2. g3 {[%clk 1:29:53]} Nf6 {[%clk
1:31:15]} 3. Bg2 {[%clk 1:30:15]} g6 {[%clk 1:31:30]} 4. d4 {[%clk 1:25:13]} d6
{[%clk 1:30:17]} 5. d5 {[%clk 1:21:37]} e5 {[%clk 1:18:49]} 6. dxe6 {[%clk
1:20:12]} Nc6 {[%clk 1:15:31]} 7. b3 {[%clk 1:08:22]} Bg7 {[%clk 1:13:31]} 8.
Bb2 {[%clk 1:08:41]} Bxe6 {[%clk 1:13:45]} 9. Nh3 {[%clk 1:08:18]} Qd7 {[%clk
0:55:19]} 10. O-O {[%clk 1:00:58]} O-O-O {[%clk 0:45:26]} 11. Nc3 {[%clk
0:58:11]} h6 {[%clk 0:32:47]} 12. Nf4 {[%clk 0:53:10]} g5 {[%clk 0:33:08]} 13.
Nxe6 {[%clk 0:53:05]} Qxe6 {[%clk 0:33:32]} 14. Nd5 {[%clk 0:46:25]} Ne5 {[%clk
0:30:22]} 15. b4 {[%clk 0:36:25]} h5 {[%clk 0:16:59]} 16. Qa4 {[%clk 0:35:08]}
Kb8 {[%clk 0:10:59]} 17. Bd4 {[%clk 0:34:14]} Nc6 {[%clk 0:09:15]} 18. Nxc7
{[%clk 0:29:10]} Qxc4 {[%clk 0:07:31]} 19. Bxc6 {[%clk 0:23:04]} Qxd4 {[%clk
0:06:25]} 20. Ne6 {[%clk 0:23:07]} Qb6 {[%clk 0:05:30]} 21. Nxd8 {[%clk
0:22:56]} Rxd8 {[%clk 0:05:55]} 22. Bg2 {[%clk 0:21:03]} Ne4 {[%clk 0:02:19]}
23. Rac1 {[%clk 0:20:49]} Nc3 {[%clk 0:02:42]} 24. Qc2 {[%clk 0:21:07]} Qb5
{[%clk 0:02:19]} 25. Rfe1 {[%clk 0:20:42]} f4 {[%clk 0:02:08]} 26. Qd3 {[%clk
0:16:39]} Qe5 {[%clk 0:01:07]} 27. Rc2 {[%clk 0:14:36]} Rc8 {[%clk 0:00:33]}
28. Rec1 Rc7 29. Kf1 {[%clk 0:11:44]} d5 {[%clk 0:01:11]} 30. Qf3 {[%clk
0:07:11]} h4 {[%clk 0:01:04]} 31. g4 {[%clk 0:07:04]} a6 {[%clk 0:01:05]} 32.
h3 {[%clk 0:07:19]} d4 {[%clk 0:01:24]} 33. Qd3 {[%clk 0:06:37]} Bf8 {[%clk
0:01:07]} 34. a3 {[%clk 0:06:14]} a5 {[%clk 0:01:08]} 35. bxa5 {[%clk 0:05:05]}
Ka7 {[%clk 0:00:33]} 36. Bf3 {[%clk 0:04:27]} Bg7 {[%clk 0:00:38]} 37. Qf5
{[%clk 0:03:50]} Qxf5 {[%clk 0:00:39]} 38. gxf5 {[%clk 0:04:19]} Bf8 {[%clk
0:01:03]} 39. a4 {[%clk 0:03:34]} Bb4 {[%clk 0:01:03]} 40. Rd2 {[%clk 0:01:25]}
Rd7 {[%clk 0:00:48]} 41. Rd3 {[%clk 0:25:28]} Bxa5 {[%clk 0:23:50]} 42. e3
{[%clk 0:23:37]} fxe3 {[%clk 0:23:44]} 43. fxe3 {[%clk 0:24:05]} Rf7 {[%clk
0:23:53]} 44. exd4 {[%clk 0:19:06]} Nxa4 {[%clk 0:24:12]} 45. Bg4 {[%clk
0:18:52]} Bc7 {[%clk 0:15:06]} 46. Ke2 {[%clk 0:13:39]} Bf4 {[%clk 0:10:53]}
47. Rb1 {[%clk 0:12:38]} Ka6 {[%clk 0:10:17]} 48. Rdb3 {[%clk 0:10:36]} Rf6
{[%clk 0:04:31]} 49. Kd3 {[%clk 0:10:31]} Rd6 {[%clk 0:04:56]} 50. Ke4 {[%clk
0:09:29]} Rc6 {[%clk 0:03:55]} 51. Be2+ {[%clk 0:09:36]} Ka7 {[%clk 0:04:21]}
52. Ra1 {[%clk 0:09:17]} 1-0

[Event "DEM U18 2021"]
[Site "Willingen GER"]
[Date "2021.08.26"]
[Round "5"]
[White "Suvorov, Luca"]
[Black "Knüdel, Torben"]
[Result "0-1"]
[Termination "normal"]
[Board "5"]
[WhiteTitle "FM"]
[WhiteElo "2292"]
[BlackElo "2171"]
[WhiteClock "00:00:45"]
[BlackClock "00:02:04"]
[PlyCount "114"]
[WhiteFideId "12977071"]
[BlackFideId "16208820"]
[EventCountry "GER"]
[EventRounds "9"]
[EventType "swiss"]
[EventDate "2021.08.22"]

1. d4 {[%clk 1:30:59]} Nf6 {[%clk 1:30:46]} 2. c4 {[%clk 1:31:19]} g6 {[%clk
1:31:11]} 3. f3 {[%clk 1:31:33]} Bg7 {[%clk 1:31:29]} 4. e4 {[%clk 1:31:45]} d6
{[%clk 1:31:49]} 5. Nc3 {[%clk 1:31:58]} O-O {[%clk 1:32:06]} 6. Nge2 {[%clk
1:31:58]} a6 {[%clk 1:32:25]} 7. Be3 {[%clk 1:29:26]} b5 {[%clk 1:32:39]} 8.
Qd2 {[%clk 1:12:56]} Nbd7 {[%clk 1:32:09]} 9. Bh6 {[%clk 1:01:42]} Nb6 {[%clk
1:12:36]} 10. Bxg7 {[%clk 0:59:58]} Kxg7 {[%clk 1:13:03]} 11. Nf4 {[%clk
0:39:42]} e5 {[%clk 1:07:51]} 12. Nfd5 {[%clk 0:22:13]} Nfxd5 {[%clk 0:37:28]}
13. Nxd5 {[%clk 0:12:26]} c6 {[%clk 0:24:06]} 14. Nb4 {[%clk 0:09:57]} Bb7
{[%clk 0:18:43]} 15. Rd1 {[%clk 0:06:39]} Qh4+ {[%clk 0:18:24]} 16. Qf2 {[%clk
0:04:25]} Qxf2+ {[%clk 0:18:47]} 17. Kxf2 {[%clk 0:04:54]} bxc4 {[%clk
0:18:02]} 18. dxe5 {[%clk 0:04:15]} dxe5 {[%clk 0:18:30]} 19. Be2 {[%clk
0:03:24]} Rfd8 {[%clk 0:18:08]} 20. b3 {[%clk 0:02:02]} a5 {[%clk 0:16:14]} 21.
Nc2 {[%clk 0:02:20]} cxb3 {[%clk 0:14:51]} 22. axb3 {[%clk 0:02:48]} c5 {[%clk
0:11:25]} 23. Ke3 {[%clk 0:01:45]} Rxd1 {[%clk 0:07:01]} 24. Rxd1 {[%clk
0:02:11]} a4 {[%clk 0:06:34]} 25. bxa4 {[%clk 0:02:13]} Rxa4 {[%clk 0:05:55]}
26. Rd6 {[%clk 0:00:37]} Nc4+ {[%clk 0:05:31]} 27. Bxc4 {[%clk 0:00:45]} Rxc4
{[%clk 0:05:59]} 28. Ne1 {[%clk 0:00:41]} Ra4 {[%clk 0:04:24]} 29. Nd3 {[%clk
0:00:38]} Ra3 {[%clk 0:04:02]} 30. Kd2 {[%clk 0:00:35]} Ra2+ {[%clk 0:04:16]}
31. Kc3 {[%clk 0:00:47]} Rxg2 {[%clk 0:03:27]} 32. Nxe5 {[%clk 0:01:03]} Bc8
{[%clk 0:03:37]} 33. h4 {[%clk 0:00:40]} h5 {[%clk 0:03:20]} 34. Rc6 {[%clk
0:00:35]} Be6 {[%clk 0:03:41]} 35. Rxc5 {[%clk 0:00:46]} Rh2 {[%clk 0:03:22]}
36. Kd4 {[%clk 0:00:46]} Rxh4 {[%clk 0:03:35]} 37. Ke3 {[%clk 0:00:44]} Rh1
{[%clk 0:03:54]} 38. Kf2 {[%clk 0:00:33]} Ra1 {[%clk 0:04:00]} 39. Nd3 {[%clk
0:00:40]} Ra2+ {[%clk 0:03:11]} 40. Kg3 {[%clk 0:00:47]} Ra3 {[%clk 0:03:08]}
41. Ne5 {[%clk 0:18:18]} g5 {[%clk 0:24:43]} 42. Kf2 {[%clk 0:10:54]} Ra2+
{[%clk 0:22:01]} 43. Ke3 {[%clk 0:09:29]} Rg2 {[%clk 0:20:16]} 44. f4 {[%clk
0:04:40]} Rg3+ {[%clk 0:12:00]} 45. Kd4 {[%clk 0:03:33]} gxf4 {[%clk 0:04:22]}
46. Nd3 {[%clk 0:03:20]} Bg4 {[%clk 0:03:23]} 47. Nxf4 {[%clk 0:03:20]} h4
{[%clk 0:02:16]} 48. Nh5+ {[%clk 0:01:05]} Bxh5 {[%clk 0:02:40]} 49. Rxh5
{[%clk 0:01:34]} h3 {[%clk 0:02:57]} 50. Ke5 {[%clk 0:01:11]} Kg6 {[%clk
0:02:24]} 51. Rh8 {[%clk 0:00:51]} Rg5+ {[%clk 0:02:38]} 52. Kd6 {[%clk
0:00:33]} Rh5 {[%clk 0:02:37]} 53. Rg8+ {[%clk 0:00:55]} Kf6 {[%clk 0:02:34]}
54. e5+ {[%clk 0:00:57]} Kf5 {[%clk 0:02:59]} 55. Rg1 {[%clk 0:00:35]} h2
{[%clk 0:02:57]} 56. Rf1+ {[%clk 0:01:00]} Ke4 {[%clk 0:02:26]} 57. Rh1 {[%clk
0:00:45]} Rh6+ {[%clk 0:02:04]} 0-1

[Event "DEM U18 2021"]
[Site "Willingen GER"]
[Date "2021.08.26"]
[Round "5"]
[White "Nguyen, Alex Dac-Vuong"]
[Black "Hofmann, Lorenz"]
[Result "1-0"]
[Termination "normal"]
[Board "6"]
[WhiteTitle "FM"]
[WhiteElo "2290"]
[BlackElo "2071"]
[WhiteClock "00:13:05"]
[BlackClock "00:08:38"]
[PlyCount "81"]
[WhiteFideId "12984388"]
[BlackFideId "12995509"]
[EventCountry "GER"]
[EventRounds "9"]
[EventType "swiss"]
[EventDate "2021.08.22"]

1. d4 {[%clk 1:30:57]} d5 {[%clk 1:30:56]} 2. c4 {[%clk 1:31:22]} e6 {[%clk
1:31:22]} 3. Nf3 {[%clk 1:31:48]} Nf6 {[%clk 1:31:47]} 4. g3 {[%clk 1:32:13]}
Be7 {[%clk 1:32:13]} 5. Bg2 {[%clk 1:32:39]} O-O {[%clk 1:32:39]} 6. O-O {[%clk
1:33:03]} dxc4 {[%clk 1:33:01]} 7. Qc2 {[%clk 1:33:26]} a6 {[%clk 1:22:45]} 8.
Qxc4 {[%clk 1:33:34]} b5 {[%clk 1:22:01]} 9. Qc2 {[%clk 1:33:58]} Bb7 {[%clk
1:21:33]} 10. Bd2 Be4 {[%clk 1:03:00]} 11. Qc1 {[%clk 1:26:00]} b4 {[%clk
1:00:49]} 12. Rd1 {[%clk 1:05:57]} a5 {[%clk 0:56:26]} 13. Bf4 {[%clk 1:00:02]}
Na6 {[%clk 0:52:53]} 14. Nbd2 {[%clk 0:59:03]} Bd5 {[%clk 0:43:06]} 15. Qb1
{[%clk 0:30:31]} c5 {[%clk 0:33:43]} 16. e4 {[%clk 0:30:57]} Bb7 {[%clk
0:34:02]} 17. dxc5 {[%clk 0:29:40]} Qe8 {[%clk 0:27:09]} 18. Bd6 {[%clk
0:23:05]} Nxc5 {[%clk 0:26:19]} 19. Bxe7 {[%clk 0:22:05]} Qxe7 {[%clk 0:26:39]}
20. e5 {[%clk 0:22:32]} Nd5 {[%clk 0:23:20]} 21. Nc4 {[%clk 0:22:28]} Nd7
{[%clk 0:20:29]} 22. Qd3 {[%clk 0:19:45]} Rfd8 {[%clk 0:18:36]} 23. Qd4 {[%clk
0:19:14]} h6 {[%clk 0:17:04]} 24. Rac1 {[%clk 0:18:46]} a4 {[%clk 0:14:33]} 25.
Nfd2 {[%clk 0:15:39]} Nb8 {[%clk 0:09:23]} 26. Ne4 {[%clk 0:14:14]} Nc6 {[%clk
0:09:24]} 27. Qc5 {[%clk 0:14:36]} Qxc5 {[%clk 0:09:01]} 28. Nxc5 {[%clk
0:15:04]} Ba6 {[%clk 0:09:24]} 29. Bxd5 {[%clk 0:12:35]} Rxd5 {[%clk 0:08:34]}
30. Rxd5 {[%clk 0:12:00]} exd5 {[%clk 0:07:53]} 31. Nb6 {[%clk 0:12:25]} Ra7
{[%clk 0:08:13]} 32. Nxa6 {[%clk 0:12:45]} Nd4 {[%clk 0:07:22]} 33. Rc8+ {[%clk
0:13:10]} Kh7 {[%clk 0:07:48]} 34. Nxb4 {[%clk 0:13:26]} Nf3+ {[%clk 0:07:57]}
35. Kg2 {[%clk 0:13:50]} Nxe5 {[%clk 0:08:23]} 36. N4xd5 {[%clk 0:14:03]} Nd3
{[%clk 0:08:40]} 37. Ra8 {[%clk 0:12:00]} Rb7 {[%clk 0:08:27]} 38. Rxa4 {[%clk
0:12:18]} Nxb2 {[%clk 0:08:18]} 39. Ra8 {[%clk 0:12:36]} Nd3 {[%clk 0:08:28]}
40. a4 {[%clk 0:13:01]} Ne5 {[%clk 0:08:38]} 41. a5 {[%clk 0:13:05]} 1-0

[Event "DEM U18 2021"]
[Site "Willingen GER"]
[Date "2021.08.26"]
[Round "5"]
[White "Kolb, Tobias"]
[Black "Post, Hugo"]
[Result "1-0"]
[Termination "normal"]
[Board "7"]
[WhiteTitle "FM"]
[WhiteElo "2307"]
[BlackElo "2245"]
[WhiteClock "00:05:14"]
[BlackClock "00:05:04"]
[PlyCount "87"]
[WhiteFideId "12992321"]
[BlackFideId "12962490"]
[EventCountry "GER"]
[EventRounds "9"]
[EventType "swiss"]
[EventDate "2021.08.22"]

1. d4 {[%clk 1:30:59]} Nf6 {[%clk 1:30:44]} 2. c4 {[%clk 1:31:25]} g6 {[%clk
1:31:09]} 3. Nc3 {[%clk 1:31:33]} Bg7 {[%clk 1:31:35]} 4. e4 {[%clk 1:31:46]}
d6 {[%clk 1:31:57]} 5. Be2 {[%clk 1:28:55]} O-O {[%clk 1:32:03]} 6. Nf3 {[%clk
1:29:21]} Nbd7 {[%clk 1:32:23]} 7. h3 {[%clk 1:27:50]} e5 {[%clk 1:31:46]} 8.
d5 {[%clk 1:28:16]} Nc5 {[%clk 1:29:26]} 9. Qc2 {[%clk 1:28:18]} a5 {[%clk
1:28:49]} 10. g4 {[%clk 1:19:29]} Ne8 {[%clk 1:08:41]} 11. Bg5 {[%clk 1:14:16]}
f6 {[%clk 1:03:36]} 12. Be3 {[%clk 1:14:40]} f5 {[%clk 0:51:10]} 13. gxf5
{[%clk 1:14:41]} gxf5 {[%clk 0:51:33]} 14. Bg5 {[%clk 0:41:41]} Qd7 {[%clk
0:48:50]} 15. Nh4 {[%clk 0:28:36]} Qf7 {[%clk 0:25:48]} 16. exf5 {[%clk
0:24:49]} h6 {[%clk 0:25:28]} 17. Be3 {[%clk 0:24:49]} Qf6 {[%clk 0:25:37]} 18.
Ng6 {[%clk 0:16:02]} Rf7 {[%clk 0:24:33]} 19. Bg4 {[%clk 0:15:13]} h5 {[%clk
0:24:35]} 20. Ne4 {[%clk 0:15:24]} Nxe4 {[%clk 0:23:39]} 21. Qxe4 {[%clk
0:15:26]} hxg4 {[%clk 0:23:59]} 22. hxg4 {[%clk 0:15:53]} Qd8 {[%clk 0:22:30]}
23. O-O-O {[%clk 0:15:14]} Nf6 {[%clk 0:19:18]} 24. Qg2 {[%clk 0:15:40]} Nxg4
{[%clk 0:19:02]} 25. Qxg4 {[%clk 0:15:20]} Bxf5 {[%clk 0:19:26]} 26. Qh5 {[%clk
0:14:11]} Bxg6 {[%clk 0:19:13]} 27. Qxg6 {[%clk 0:14:32]} Qf6 {[%clk 0:18:41]}
28. Qh7+ {[%clk 0:13:39]} Kf8 {[%clk 0:19:09]} 29. Rdg1 {[%clk 0:14:04]} Ke8
{[%clk 0:11:16]} 30. Rg6 {[%clk 0:04:02]} Qf3 {[%clk 0:11:41]} 31. Rh3 {[%clk
0:04:10]} Bf8 {[%clk 0:11:35]} 32. Re6+ {[%clk 0:03:00]} Kd7 {[%clk 0:10:57]}
33. Qg6 {[%clk 0:01:37]} Qf5 {[%clk 0:11:23]} 34. Qxf5 {[%clk 0:01:58]} Rxf5
{[%clk 0:11:52]} 35. Rh7+ {[%clk 0:02:15]} Kd8 {[%clk 0:12:19]} 36. Kd2 {[%clk
0:01:57]} b6 {[%clk 0:12:14]} 37. Kd3 {[%clk 0:02:24]} e4+ {[%clk 0:07:09]} 38.
Kxe4 {[%clk 0:02:50]} Re5+ {[%clk 0:07:35]} 39. Rxe5 {[%clk 0:03:17]} dxe5
{[%clk 0:08:02]} 40. Rh8 {[%clk 0:03:42]} Ke7 {[%clk 0:07:28]} 41. Bh6 {[%clk
0:04:08]} Bxh6 {[%clk 0:05:19]} 42. Rxa8 {[%clk 0:04:29]} Bf4 {[%clk 0:05:13]}
43. c5 {[%clk 0:04:56]} Kd7 {[%clk 0:05:04]} 44. cxb6 {[%clk 0:05:14]} 1-0

[Event "DEM U18 2021"]
[Site "Willingen GER"]
[Date "2021.08.26"]
[Round "5"]
[White "Weishäutel, Moritz"]
[Black "Khachatryan, Taron"]
[Result "1-0"]
[Termination "normal"]
[Board "8"]
[WhiteElo "2270"]
[BlackElo "2065"]
[WhiteClock "00:10:04"]
[BlackClock "00:29:38"]
[PlyCount "87"]
[WhiteFideId "12967300"]
[BlackFideId "16216598"]
[EventCountry "GER"]
[EventRounds "9"]
[EventType "swiss"]
[EventDate "2021.08.22"]

1. d4 {[%clk 1:30:57]} d5 {[%clk 1:29:34]} 2. c4 {[%clk 1:31:22]} e6 {[%clk
1:28:58]} 3. Nc3 {[%clk 1:31:47]} Nf6 {[%clk 1:28:59]} 4. cxd5 {[%clk 1:32:13]}
exd5 {[%clk 1:29:24]} 5. Bg5 {[%clk 1:32:37]} Be7 {[%clk 1:29:26]} 6. e3 {[%clk
1:32:59]} c6 {[%clk 1:29:51]} 7. Bd3 {[%clk 1:33:18]} Ne4 {[%clk 1:28:54]} 8.
Bf4 {[%clk 1:33:02]} Nxc3 {[%clk 1:28:12]} 9. bxc3 {[%clk 1:33:28]} Be6 {[%clk
1:20:08]} 10. Nf3 {[%clk 1:30:59]} Nd7 {[%clk 1:19:18]} 11. Rb1 {[%clk
1:24:54]} b5 {[%clk 1:17:03]} 12. Qc2 {[%clk 1:19:30]} h6 {[%clk 1:14:12]} 13.
O-O {[%clk 1:15:42]} Qc8 {[%clk 1:08:40]} 14. e4 {[%clk 1:11:12]} dxe4 {[%clk
1:08:14]} 15. Bxe4 {[%clk 1:11:38]} Nf6 {[%clk 1:08:13]} 16. Bd3 {[%clk
1:11:31]} O-O {[%clk 1:07:31]} 17. Rfe1 {[%clk 1:06:54]} Re8 {[%clk 1:06:52]}
18. Ne5 {[%clk 1:06:00]} Nd7 {[%clk 1:04:23]} 19. Re3 {[%clk 0:41:54]} Bf6
{[%clk 0:58:37]} 20. Rbe1 {[%clk 0:41:17]} c5 {[%clk 0:49:53]} 21. Bxb5 {[%clk
0:35:22]} cxd4 {[%clk 0:36:51]} 22. Nxd7 {[%clk 0:35:41]} dxe3 {[%clk 0:37:17]}
23. Nxf6+ {[%clk 0:36:06]} gxf6 {[%clk 0:37:45]} 24. Bxe8 {[%clk 0:36:26]}
exf2+ {[%clk 0:36:50]} 25. Qxf2 {[%clk 0:36:49]} Qxe8 {[%clk 0:37:16]} 26. Bxh6
{[%clk 0:36:40]} Kh7 {[%clk 0:35:53]} 27. Qh4 {[%clk 0:34:14]} Qh8 {[%clk
0:34:46]} 28. Re3 {[%clk 0:31:51]} Bf5 {[%clk 0:34:23]} 29. Qf4 {[%clk
0:27:57]} Bg6 {[%clk 0:33:18]} 30. Rh3 {[%clk 0:27:32]} Kg8 {[%clk 0:30:29]}
31. Bf8 {[%clk 0:23:59]} Qxh3 {[%clk 0:30:53]} 32. gxh3 {[%clk 0:24:24]} Rxf8
{[%clk 0:31:00]} 33. Qxf6 {[%clk 0:24:50]} Re8 {[%clk 0:31:12]} 34. Kf2 {[%clk
0:24:26]} Re6 {[%clk 0:31:27]} 35. Qd8+ {[%clk 0:23:51]} Kh7 {[%clk 0:31:57]}
36. Qa5 {[%clk 0:21:50]} Rc6 {[%clk 0:31:05]} 37. h4 {[%clk 0:21:00]} Rf6+
{[%clk 0:29:47]} 38. Ke3 {[%clk 0:13:38]} Re6+ {[%clk 0:29:59]} 39. Kf4 {[%clk
0:13:15]} Re4+ {[%clk 0:28:58]} 40. Kg3 {[%clk 0:13:06]} Re3+ {[%clk 0:29:08]}
41. Kf2 {[%clk 0:12:39]} Re7 {[%clk 0:29:21]} 42. h5 {[%clk 0:11:56]} Be4
{[%clk 0:29:39]} 43. Qd8 {[%clk 0:10:10]} Rb7 {[%clk 0:29:38]} 44. Qf6 {[%clk
0:10:04]} 1-0

[Event "DEM U18 2021"]
[Site "Willingen GER"]
[Date "2021.08.26"]
[Round "5"]
[White "Popist, Florian"]
[Black "Schmitt, Daniel"]
[Result "1-0"]
[Termination "normal"]
[Board "9"]
[WhiteElo "2077"]
[BlackElo "1966"]
[WhiteClock "00:01:14"]
[BlackClock "00:02:05"]
[PlyCount "93"]
[WhiteFideId "16203518"]
[BlackFideId "16279018"]
[EventCountry "GER"]
[EventRounds "9"]
[EventType "swiss"]
[EventDate "2021.08.22"]

1. e4 {[%clk 1:30:57]} c5 {[%clk 1:30:54]} 2. Nf3 {[%clk 1:31:23]} Nc6 {[%clk
1:31:15]} 3. d4 {[%clk 1:31:49]} cxd4 {[%clk 1:31:38]} 4. Nxd4 {[%clk 1:32:15]}
Nf6 {[%clk 1:31:56]} 5. Nc3 {[%clk 1:32:39]} d6 {[%clk 1:32:21]} 6. f3 {[%clk
1:32:10]} e5 {[%clk 1:32:38]} 7. Nb3 {[%clk 1:32:31]} Be7 {[%clk 1:32:36]} 8.
Be3 {[%clk 1:32:52]} Be6 {[%clk 1:32:11]} 9. Qd2 {[%clk 1:33:06]} O-O {[%clk
1:32:13]} 10. O-O-O {[%clk 1:33:29]} a5 {[%clk 1:32:08]} 11. Bb5 {[%clk
1:32:27]} Na7 {[%clk 1:25:37]} 12. Bxa7 {[%clk 1:30:04]} Rxa7 {[%clk 1:26:00]}
13. a4 {[%clk 1:29:59]} Qb6 {[%clk 1:13:25]} 14. Kb1 {[%clk 1:28:16]} Raa8
{[%clk 1:02:25]} 15. g4 {[%clk 1:26:45]} Rfd8 {[%clk 0:48:14]} 16. Qe2 {[%clk
1:16:26]} Rac8 {[%clk 0:46:22]} 17. Rd3 {[%clk 1:03:45]} h5 {[%clk 0:35:03]}
18. g5 {[%clk 0:59:37]} Nh7 {[%clk 0:32:52]} 19. h4 {[%clk 0:56:39]} Nf8 {[%clk
0:31:18]} 20. f4 {[%clk 0:51:20]} exf4 {[%clk 0:19:15]} 21. Qxh5 {[%clk
0:48:52]} Ng6 {[%clk 0:18:46]} 22. Nd4 {[%clk 0:44:01]} Rxc3 {[%clk 0:12:15]}
23. Nxe6 {[%clk 0:33:59]} Rxd3 {[%clk 0:12:25]} 24. Bxd3 {[%clk 0:33:01]} Rc8
{[%clk 0:10:28]} 25. e5 {[%clk 0:31:20]} Qc6 {[%clk 0:04:50]} 26. Re1 {[%clk
0:25:03]} dxe5 {[%clk 0:03:49]} 27. Bxg6 {[%clk 0:21:57]} fxg6 {[%clk 0:04:18]}
28. Qxg6 {[%clk 0:22:18]} Bf8 {[%clk 0:04:20]} 29. h5 {[%clk 0:11:15]} e4
{[%clk 0:02:35]} 30. c3 {[%clk 0:11:41]} f3 {[%clk 0:01:35]} 31. Rxe4 {[%clk
0:07:23]} f2 {[%clk 0:01:28]} 32. Rf4 {[%clk 0:07:06]} Qh1+ {[%clk 0:01:07]}
33. Kc2 {[%clk 0:06:33]} f1=Q {[%clk 0:01:35]} 34. Qf7+ {[%clk 0:06:39]} Kh8
{[%clk 0:01:46]} 35. Rxf1 {[%clk 0:05:34]} Qe4+ {[%clk 0:01:47]} 36. Kd2 {[%clk
0:03:43]} Qd5+ {[%clk 0:00:38]} 37. Kc1 {[%clk 0:03:36]} Rxc3+ {[%clk 0:00:31]}
38. bxc3 {[%clk 0:03:21]} Ba3+ {[%clk 0:00:49]} 39. Kc2 {[%clk 0:03:34]} Qe4+
{[%clk 0:00:40]} 40. Kd2 {[%clk 0:03:32]} Qd5+ {[%clk 0:00:39]} 41. Nd4 {[%clk
0:02:58]} Qxg5+ {[%clk 0:00:55]} 42. Rf4 {[%clk 0:00:49]} Qg2+ {[%clk 0:01:11]}
43. Kd3 {[%clk 0:01:03]} Qh3+ {[%clk 0:01:20]} 44. Rf3 {[%clk 0:01:08]} Qh1
{[%clk 0:01:20]} 45. Qe8+ {[%clk 0:00:53]} Kh7 {[%clk 0:01:44]} 46. Qe4+ {[%clk
0:01:14]} Kh6 {[%clk 0:02:05]} 47. Qg6# 1-0

[Event "DEM U18 2021"]
[Site "Willingen GER"]
[Date "2021.08.26"]
[Round "5"]
[White "Boder, Jan"]
[Black "Lieberwirth, Kasimir"]
[Result "1-0"]
[Termination "normal"]
[Board "10"]
[WhiteElo "2146"]
[BlackElo "2074"]
[WhiteClock "00:24:58"]
[BlackClock "00:11:05"]
[PlyCount "107"]
[WhiteFideId "16243226"]
[BlackFideId "12988146"]
[EventCountry "GER"]
[EventRounds "9"]
[EventType "swiss"]
[EventDate "2021.08.22"]

1. c4 {[%clk 1:30:56]} Nf6 {[%clk 1:30:03]} 2. g3 {[%clk 1:31:17]} c6 {[%clk
1:30:27]} 3. Nf3 {[%clk 1:31:19]} d5 {[%clk 1:30:49]} 4. Bg2 {[%clk 1:31:32]}
dxc4 {[%clk 1:31:14]} 5. Qc2 {[%clk 1:31:34]} Nbd7 {[%clk 1:27:17]} 6. Qxc4
{[%clk 1:28:28]} e5 {[%clk 1:24:38]} 7. b4 {[%clk 1:22:00]} Bd6 {[%clk
1:15:44]} 8. Bb2 {[%clk 1:19:33]} O-O {[%clk 1:14:16]} 9. b5 {[%clk 1:07:11]}
Nb6 {[%clk 0:59:28]} 10. Qc2 {[%clk 0:55:24]} cxb5 {[%clk 0:50:17]} 11. O-O
{[%clk 0:41:15]} Qe7 {[%clk 0:40:47]} 12. Nc3 {[%clk 0:35:36]} b4 {[%clk
0:34:23]} 13. Nb5 {[%clk 0:34:44]} Bb8 {[%clk 0:27:44]} 14. Ng5 {[%clk
0:15:23]} a6 {[%clk 0:18:33]} 15. f4 {[%clk 0:15:03]} h6 {[%clk 0:12:42]} 16.
fxe5 {[%clk 0:14:47]} Bxe5 {[%clk 0:12:39]} 17. Rxf6 {[%clk 0:13:12]} hxg5
{[%clk 0:13:07]} 18. Rxb6 {[%clk 0:13:06]} Bxb2 {[%clk 0:08:34]} 19. Qxb2
{[%clk 0:13:31]} axb5 {[%clk 0:08:29]} 20. Rxb5 {[%clk 0:12:53]} Qxe2 {[%clk
0:05:46]} 21. Rxg5 {[%clk 0:10:48]} f6 {[%clk 0:05:20]} 22. Bf1 {[%clk
0:09:57]} Qe4 {[%clk 0:04:56]} 23. Rb5 {[%clk 0:09:35]} Be6 {[%clk 0:02:32]}
24. Rxb4 {[%clk 0:09:30]} Qc6 {[%clk 0:02:09]} 25. Rb6 {[%clk 0:08:32]} Qc5+
{[%clk 0:01:44]} 26. d4 {[%clk 0:08:58]} Qd5 {[%clk 0:02:04]} 27. Bg2 {[%clk
0:07:31]} Qf5 {[%clk 0:01:04]} 28. a3 {[%clk 0:04:38]} Bf7 {[%clk 0:00:52]} 29.
Rxb7 {[%clk 0:04:47]} Qd3 {[%clk 0:01:04]} 30. a4 {[%clk 0:02:57]} Rad8 {[%clk
0:00:50]} 31. Rb4 {[%clk 0:03:05]} Rfe8 {[%clk 0:00:56]} 32. Bf1 {[%clk
0:02:07]} Qe4 {[%clk 0:00:47]} 33. Qf2 {[%clk 0:02:05]} Bd5 {[%clk 0:00:41]}
34. Bg2 {[%clk 0:02:32]} Qd3 {[%clk 0:00:43]} 35. Bxd5+ {[%clk 0:02:05]} Rxd5
{[%clk 0:01:12]} 36. Re1 {[%clk 0:01:19]} Rxe1+ {[%clk 0:00:42]} 37. Qxe1
{[%clk 0:01:47]} Rxd4 {[%clk 0:00:32]} 38. Qe8+ {[%clk 0:01:37]} Kh7 {[%clk
0:01:02]} 39. Qh5+ {[%clk 0:01:46]} Kg8 {[%clk 0:01:31]} 40. Rb8+ {[%clk
0:01:26]} Rd8 {[%clk 0:02:00]} 41. Rxd8+ Qxd8 {[%clk 0:02:29]} 42. Qg4 {[%clk
0:27:58]} Qd2 {[%clk 0:26:15]} 43. Qc4+ {[%clk 0:26:14]} Kh7 {[%clk 0:24:36]}
44. Qf4 {[%clk 0:25:44]} Qe1+ {[%clk 0:16:46]} 45. Kg2 {[%clk 0:25:53]} Qe2+
{[%clk 0:16:58]} 46. Kh3 {[%clk 0:25:51]} Qe6+ {[%clk 0:13:26]} 47. Qg4 {[%clk
0:25:42]} Qa2 {[%clk 0:11:49]} 48. Qf5+ {[%clk 0:25:51]} g6 {[%clk 0:11:54]}
49. Qxf6 {[%clk 0:23:27]} Qxa4 {[%clk 0:11:16]} 50. Qh4+ {[%clk 0:23:33]} Qxh4+
{[%clk 0:11:35]} 51. Kxh4 {[%clk 0:24:02]} Kh6 {[%clk 0:11:27]} 52. Kg4 {[%clk
0:24:28]} Kh7 {[%clk 0:10:37]} 53. Kg5 {[%clk 0:24:51]} Kg7 {[%clk 0:11:05]}
54. g4 {[%clk 0:24:58]} 1-0